000 00703nam a2200205Ii 4500
003 JO-AjNU
008 230605s9999||||xx |||||||||||||| ||und||
040 _aJO-AjNU
_bara
_erda
_cJO-AjNU
041 _aara
050 1 4 _aPJ7507.Q39 1985
100 3 _aتأليف القبسي، عومدة الله منيع,
_eauthor
_919270
245 0 0 _aتجارب في النقد الأدبي التطبيقي من منظور إسلامي
250 _aط1
264 3 1 _aعمان: دار البشير، 1985
300 _a176ص
336 _atext
_btxt
_2rdacontent
337 _aunmediated
_bn
_2rdamedia
338 _avolume
_bnc
_2rdacarrier
650 4 _aالأدب العربي - النقد الأدبي
_919271
999 _aA6323
_c9891
_d9891